Environmental situation, wastewater treatment and disposal / (Record no. 4809)
[ view plain ]
| 000 -LEADER | |
|---|---|
| fixed length control field | 00786nam a22002417a 4500 |
| 001 - CONTROL NUMBER | |
| control field | 19234 |
| 003 - CONTROL NUMBER IDENTIFIER | |
| control field | BD-DhUAP |
| 005 - DATE AND TIME OF LATEST TRANSACTION | |
| control field | 20201122110951.0 |
| 008 - FIXED-LENGTH DATA ELEMENTS--GENERAL INFORMATION | |
| fixed length control field | 201122s2013 bg a|||| |||| 00| 0 eng d |
| 020 ## - INTERNATIONAL STANDARD BOOK NUMBER | |
| International Standard Book Number | 9789848920169 |
| 040 ## - CATALOGING SOURCE | |
| Original cataloging agency | BD-DhUAP |
| Language of cataloging | Eng |
| Transcribing agency | BD-DhUAP |
| Modifying agency | BD-DhUAP |
| 082 ## - DEWEY DECIMAL CLASSIFICATION NUMBER | |
| Edition number | 23 |
| Classification number | 628.3095492 SAE |
| 100 ## - MAIN ENTRY--PERSONAL NAME | |
| Personal name | Saeed, Tanveer Ferdous. |
| 245 ## - TITLE STATEMENT | |
| Title | Environmental situation, wastewater treatment and disposal / |
| Statement of responsibility, etc. | Tanveer Ferdous Saeed, Abdullah Al-Muyeed and Tanvir Ahmed. |
| 260 ## - PUBLICATION, DISTRIBUTION, ETC. | |
| Place of publication, distribution, etc. | Dhaka, Bangladesh : |
| Name of publisher, distributor, etc. | UGC, |
| Date of publication, distribution, etc. | c2013. |
| 300 ## - PHYSICAL DESCRIPTION | |
| Extent | xvi, 343 pages : |
| Other physical details | illustrations ; |
| Dimensions | 24 cm. |
| 650 ## - SUBJECT ADDED ENTRY--TOPICAL TERM | |
| Topical term or geographic name entry element | Water |
| Form subdivision | Purification. |
| 650 ## - SUBJECT ADDED ENTRY--TOPICAL TERM | |
| Topical term or geographic name entry element | Sewage |
| Form subdivision | Purification |
| Geographic subdivision | Bangladesh. |
| 650 ## - SUBJECT ADDED ENTRY--TOPICAL TERM | |
| Topical term or geographic name entry element | Water reuse. |
| 700 ## - ADDED ENTRY--PERSONAL NAME | |
| Personal name | Al-Muyeed, Abdullah. |
| 700 ## - ADDED ENTRY--PERSONAL NAME | |
| Personal name | Ahmed, Tanvir. |
| 942 ## - ADDED ENTRY ELEMENTS (KOHA) | |
| Source of classification or shelving scheme | |
| Koha item type | Book |
| Withdrawn status | Lost status | Source of classification or shelving scheme | Damaged status | Not for loan | Permanent Location | Current Location | Shelving location | Date acquired | Total Checkouts | Total Renewals | Full call number | Barcode | Date last seen | Date last checked out | Copy number | Price effective from | Koha item type | Date due |
|---|---|---|---|---|---|---|---|---|---|---|---|---|---|---|---|---|---|---|
| UAP Central Library | UAP Central Library | General Stacks | 2020-11-22 | 1 | 2 | 628.3095492 SAE | 3010018459 | 2023-03-27 | 2023-02-13 | 1 | 2020-11-22 | Book | ||||||
| UAP Central Library | UAP Central Library | General Stacks | 2020-11-22 | 3 | 5 | 628.3095492 SAE | 3010018460 | 2025-11-18 | 2025-10-23 | 2 | 2020-11-22 | Book | ||||||
| UAP Central Library | UAP Central Library | General Stacks | 2020-11-22 | 3 | 628.3095492 SAE | 3010019092 | 2024-12-24 | 2024-09-22 | 3 | 2020-11-22 | Book | |||||||
| UAP Central Library | UAP Central Library | General Stacks | 2020-11-22 | 628.3095492 SAE | 3010018458 | 2020-11-22 | 4 | 2020-11-22 | Book | |||||||||
| UAP Central Library | UAP Central Library | General Stacks | 2020-11-22 | 6 | 7 | 628.3095492 SAE | 3010019084 | 2026-04-05 | 2026-04-05 | 5 | 2020-11-22 | Book | 2026-05-18 | |||||
| UAP Central Library | UAP Central Library | General Stacks | 2020-11-22 | 2 | 1 | 628.3095492 SAE | 3010018462 | 2022-09-20 | 2022-08-30 | 6 | 2020-11-22 | Book | ||||||
| UAP Central Library | UAP Central Library | General Stacks | 2020-11-22 | 628.3095492 SAE | 3010019085 | 2020-11-22 | 7 | 2020-11-22 | Book | |||||||||
| UAP Central Library | UAP Central Library | General Stacks | 2020-11-22 | 7 | 10 | 628.3095492 SAE | 3010019086 | 2025-09-07 | 2025-07-22 | 8 | 2020-11-22 | Book | ||||||
| UAP Central Library | UAP Central Library | General Stacks | 2020-11-22 | 6 | 4 | 628.3095492 SAE | 3010019087 | 2026-03-02 | 2026-03-02 | 9 | 2020-11-22 | Book | 2026-04-16 | |||||
| UAP Central Library | UAP Central Library | General Stacks | 2020-11-22 | 628.3095492 SAE | 3010019083 | 2020-11-22 | 10 | 2020-11-22 | Book | |||||||||
| UAP Central Library | UAP Central Library | General Stacks | 2020-11-22 | 5 | 2 | 628.3095492 SAE | 3010019088 | 2024-02-20 | 2024-01-23 | 11 | 2020-11-22 | Book | ||||||
| UAP Central Library | UAP Central Library | General Stacks | 2020-11-22 | 628.3095492 SAE | 3010019089 | 2020-11-22 | 12 | 2020-11-22 | Book | |||||||||
| UAP Central Library | UAP Central Library | General Stacks | 2020-11-22 | 4 | 4 | 628.3095492 SAE | 3010019090 | 2026-01-25 | 2026-01-25 | 13 | 2020-11-22 | Book | 2026-02-08 | |||||
| UAP Central Library | UAP Central Library | General Stacks | 2020-11-22 | 3 | 6 | 628.3095492 SAE | 3010019091 | 2023-12-21 | 2023-10-11 | 14 | 2020-11-22 | Book | ||||||
| UAP Central Library | UAP Central Library | General Stacks | 2020-11-22 | 1 | 2 | 628.3095492 SAE | 3010018461 | 2024-02-28 | 2024-01-22 | 15 | 2020-11-22 | Book |
Bengali Keyboard